Sustainable forest management : growth models for Europe

Bibliographic Details
Other Authors: Hasenauer, H.
Format: Book
Published: Berlin London : Springer , 2006.
Subjects:

MARC

LEADER 00000cam a2200000 7i4500
001 0000003509
005 20060405.0
020 0 0 |a 3540260986 
090 0 0 |a 333.7515094   |b SUS 
245 1 0 |a Sustainable forest management :   |b growth models for Europe   |c edited by H. Hasenauer 
260 0 0 |a Berlin   |a London :   |b Springer ,   |c 2006. 
300 |a xix, 398 p. :   |b ill. (some col.), map ;   |c 25 cm. 
650 0 0 |a Forest management   |z Europe. 
650 0 0 |a Sustainable forestry   |z Europe. 
700 1 1 |a Hasenauer, H. 
999 |a 0000006857   |b Monograph   |c Open Shelf   |e Default branch